000 00825nam a2200265Ia 4500
003 GCL
008 140319s9999 xx 000 0 ara d
040 _aGCL /
_cGCL
082 0 4 _a245
_bع م
100 1 _aعارف تامر
245 1 0 _aمعجم الفرق الاسلامية /
_cعارف تامر
260 _a[S.N] :
_bدار المسيرة للنشر والتوزيع والطباعة ،
_c1990
300 _a187 ص
490 _a
650 0 4 _aالفلسفة الاسلامية
650 0 4 _aالحركات الفكرية عند المسلمين
650 0 4 _aالتصوف
650 0 4 _aالفرق الاسلامية
650 0 4 _aالشيعة
650 0 4 _aالاباضية
650 0 4 _aالمعتزلة
650 0 4 _aالطرق الصوفية
650 0 4 _aعلم الكلام
942 _2ddc
_cBK
999 _c37471
_d37471